000 00878nam a22002897a 4500
001 BR6002314
003 BR-BrBNA
005 20230928083123.0
007 ta
008 230509b bl.||||| |||| 00| 0 por d
040 _aBR-BrBNA
_bpor
_cBiblioteca Nacional de Agricultura
041 _a(Por)
072 _aH10
_b2110
_b4020
_b/G514
090 _ 2110 BR6002314
100 1 _aFormiga, A.N.
110 1 _aComissao Executiva do Plano de Recuperacao Economico-Rural da Lavoura Cacaueira, Ilheus, BA (Brasil)
_92138
245 1 _aInsetos associados ao cultivo do cacaueiro na Bahia e Espirito Santo [Brasil]
_bCurso Internacional de Cacau
260 3 _aIlheus, BA (Brasil):
_c1970.
300 _a7 p.
500 _a9 ref.
650 _aCACAU
650 _aBAHIA
650 _aESPIRITO SANTO
650 _aINSETO
909 _a202309
_bLucia
_c55
_dLucia Elande
942 _cBK
999 _c11675
_d11675